banner-ar

فوتو شوب 6 فى خطوات سهلة / (Record no. 7195)

MARC details
000 -الفاتح
حقل البيانات ثابتة الطول 00580nam a2200169Ia 4500
008 - عناصر البيانات ثابتة الطول - معلومات عامة
حقل البيانات ثابتة الطول 140319s9999 xx 000 0 ara d
040 ## - مصدر الفهرسة
وكالة الفهرسة الأصلية GCL /
وكالة النسخ GCL
082 04 - رقم تصنيف ديوى العشرى
رقم التصنيف 005.3
رقم المادة هـ ف
100 1# - المدخل الرئيسى - إسم شخصى
الإسم الشخصى هام، روبرت شامل بوت
245 10 - بيان العنوان
العنوان فوتو شوب 6 فى خطوات سهلة /
بيان المسئوليه,etc هام، روبرت شامل بوت
300 ## - الوصف المادى
التعداد 235 ص ؛
أبعاد الوعاء 24 سم
650 04 - المدخل الاضافى بالموضوع-مصطلح موضوعى
مصطلح موضوعي الحاسبات الالكترونية - برامج
650 04 - المدخل الاضافى بالموضوع-مصطلح موضوعى
مصطلح موضوعي فوتو شوب 6
942 ## - عناصر المدخل الإضافي( كوها)
مصدر التصنيف او مخطط الترفيف Dewey Decimal Classification
Koha [default] item type كتاب
260 ## - PUBLICATION, DISTRIBUTION, ETC. (IMPRINT)
-- القاهرة :
-- دار الفاروق للنشر والتوزيع
Holdings
حالة التراجع حالة الفقد حالة تلف ليس للاعارة المكان المؤقت الموقع الحالى تاريخ الاكتساب اجمالي اﻻعارات رقم الطلب الباركود تاريخ اخر مشاهدة تاريخ تفعيل السعر نوع وعاء كوها
        مكتبة القاهرة الكبرى مكتبة القاهرة الكبرى 03/26/2014   005.3\هـ ف 14929 03/26/2014 03/26/2014 كتاب

Powered By

EGPV